00845nam a2200217 a 4500008004100000020001500041050001700056245007800073260002500151300002100176350000900197500001700206650002700223650004100250650005000291650002300341650001800364995009600382999001700478952013200495120416s2002 ||||||||||||||||| || u a0750655585 aQA 76.87 Neu00aNeural and fuzzy logic control of drives and power systemscCirstea, M. N aLondonbNewnesc2002 aix, 399p. : ill. a0.00 aBibliography aMotion control devices aELECTRIC MOTORS, ALTERNATING CURRENT aVHDL (COMPUTER HARDWARE DESCRIPTION LANGUAGE) aPOWER TRANSMISSION aFuzzy systems D0.00FCBU-MAIN LIBRARY (Kitwe)H1I30.00M1UAVAILABLEZMain Library Open Access Collection c52078d52078 00102lcc4070a001b001cMain Library Open Access Collectiond2022-11-30l0oQA 76.87 Neup48795r2022-11-30w2022-11-30y002